| 000 | 00523cam a22001814a 4500 | ||
|---|---|---|---|
| 001 | 14125234 | ||
| 003 | OSt | ||
| 005 | 20131014150352.0 | ||
| 008 | 050929s es k b 000 0 spa | ||
| 040 |
_aDLC _cBMC |
||
| 082 | _a346.0157284 | ||
| 100 | 1 |
_aBarillas de Segovia, Sonia Dinora _96841 |
|
| 245 | 1 | 0 |
_aApuntes sobre derecho procesal familiar _cSonia Dinora Barillas de Segovia |
| 260 |
_a[San Salvador] _bLis _c[1999?] |
||
| 300 |
_a118 p. _c21 cm |
||
| 650 | 2 | 4 |
_aDerecho de familia _zEl Salvador _96814 |
| 942 |
_2ddc _cBK |
||
| 999 |
_c2957 _d2957 |
||